| 000 | 01142cam a2200337 a 4500 | ||
|---|---|---|---|
| 999 |
_c9982 _d9982 |
||
| 001 | 39013733 | ||
| 003 | OCoLC | ||
| 005 | 20241126110722.0 | ||
| 008 | 980413s1998 waub b 000 0beng | ||
| 010 | _a98021283 | ||
| 020 | _a1576580164 | ||
| 040 |
_aDLC _cDLC _dOCL |
||
| 043 |
_aa-ch--- _ae-uk-en |
||
| 082 |
_a266.0092 _bBEN |
||
| 092 | _aBIO TAYLO | ||
| 100 | 1 |
_aBenge, Janet, _d1958- _917368 |
|
| 245 | 1 | 0 |
_aHudson Taylor : _bdeep in the heart of China / _cJanet and Geoff Benge |
| 260 |
_aSeattle, Wash. : _bYWAM Pub., _cc1998 |
||
| 300 |
_a205 p. : _b1 map ; _c21 cm |
||
| 490 | 1 | _aChristian heroes, then & now | |
| 504 | _aIncludes bibliographical references (p. 205) | ||
| 521 | 0 | _a6.8 | |
| 600 | 1 | 0 |
_aTaylor, James Hudson, _d1832-1905 _vJuvenile literature _917369 |
| 610 | 2 | 0 |
_aChina Inland Mission _vJuvenile literature _917370 |
| 650 | 0 |
_aMissionaries _zChina _vBiography _vJuvenile literature _917371 |
|
| 650 | 0 |
_aMissionaries _zEngland _vBiography _vJuvenile literature _917372 |
|
| 655 | 0 |
_aBiography _95066 |
|
| 700 | 1 |
_aBenge, Geoff, _d1954- _917373 |
|
| 830 | 0 |
_aChristian heroes, then & now _917374 |
|
| 942 |
_2ddc _cBK _05 |
||